| 000 | 00377nam a22001457a 4500 | ||
|---|---|---|---|
| 003 | SGT | ||
| 020 | _a9789358424447 | ||
| 082 |
_a333 _bCHA |
||
| 100 | _aChaudhary, Dr. Archana | ||
| 245 | _aINTERDISCIPLINARY PERSPECTIVES ON SUSTAINABLE DEVELOPMENT FROM VISION TO ACTION | ||
| 260 |
_aLUCKNOW _bBOOK RIVERS _c2024 |
||
| 300 | _a369 | ||
| 490 | _aVOL - 1 | ||
| 942 |
_2ddc _cBK |
||
| 999 |
_c27143 _d27143 |
||